000 00871nas a2200289 4500
001 BR0201289
003 BR-BrBNA
005 20231205102807.0
007 ta
008 230509b bl.|||p| |||| 00| 00por d
040 _aBR-BrBNA
_bpor
_cBiblioteca Nacional de Agricultura
041 _a(Pt)
072 _aF30
100 1 _aOliveira, M. do S.P. de
100 1 _aFernandes, G.L. da C.
245 1 _aRepetibilidade de caracteres do cacho de açaizeiro nas condições de Belém-PA
650 _aAÇAÍ
650 _aCACHO
650 _aVARIAÇÃO GENÉTICA
650 _aHEREDITARIEDADE
650 _aSELEÇÃO
650 _aMÉTODO ESTATÍSTICO
650 _aPARÁ
773 0 _tRevista Brasileira de Fruticultura (Brazil)
_xISSN 0100-2945
_g(Dec 2001), v. 23(3) p. 613-616
_wBR0201289
909 _a202311
_bLúcia
_c55
_dLúcia Elande
942 _2AGRIS
_n0
_cANA
999 _c169357
_d169357